01046nam a2200265 i 45000010005000000030009000050050017000140080041000310200018000720800022000902450116001122600033002283000022002614900055002835040032003386510059003707000037004297000038004667000039005048300055005438520037005989420008006359990015006439520122006586751ES-MaACL20250817063112.0900316s1989 sp ||||1| spa d a84-86497-09-4 a32(460)"1975/..."03aLa transición democrática española / cJosé Félix Tezanos, Ramón Cotarelo, Andrés de Blas (eds.). aMadrid : bSistema, c[1989] a957 p. ; c23 cm.1 aColección de ciencias sociales (Sistema)9241793 aBibliografía: p. 807-855. 4aEspaña-xHistoria-y1975-1982, Transición.91492721 aTezanos, José Félix.91098551 aCotarelo, Ramón, d1943-9411661 aBlas Guerrero, Andrés de.929351 0aColección de ciencias sociales (Sistema)9241793 aES-MaACLjL-13955 z- Enc. cart. 2udc c6751d6751 00104070aATENEOMbATENEOMcDEPO2d2008-01-17eSCl0oL-13955p1006878r2023-02-23 00:00:00w2023-02-23yMONOGRAFIA